14 Peaks - Statistics

General Stats
  • This quiz has been taken 21 times
  • The average score is 8 of 14
Answer Stats
Hint Answer % Correct
8848 m, the highest mountain on Earth Mount Everest
100%
8611 m, also known as the Savage Mountain Mount K2
100%
8091 m, the deadliest mountain on Earth, with a fatality rate of 25% Mount Annapurna
67%
8516 m, first answer's little brother Mount Lhotse
67%
8586 m, the only 8000er which is partially located in India Mount Kangchenjunga
56%
8126 m, the Killer Mountain Mount Nanga Parbat
56%
8068 m, the Hidden Peak Mount Gasherbrum I
50%
8035 m, is shaped like a perfect pyramid Mount Gasherbrum II
50%
8201 m, the forgotten 8000er Mount Cho Oyu
44%
8167 m, known for its technical challenges Mount Dhaulagiri
44%
8163 m, the White Peak Mount Manaslu
44%
8047 m, just 8 km away from the second highest Broad Peak
39%
8462 m, first answer's second little brother Mount Makalu
39%
8027 M, the lowest of them all Mount Shisha Pangma
39%
No matching quizzes found
Score Distribution
Percent of People with Each Score
Percentile by Number Answered
Your Score History
You have not taken this quiz